书目信息 |
| 题名: |
老书记
|
|
| 作者: | 宋利华 , 晓晓 著 | |
| 分册: | ||
| 出版信息: | 济南 山东人民出版社 2022.01 |
|
| 页数: | 323页 | |
| 开本: | 24cm | |
| 丛书名: | ||
| 单 册: | ||
| 中图分类: | I247.57 | |
| 科图分类: | ||
| 主题词: | 长篇小说--chang pian xiao shuo--中国--当代 | |
| 电子资源: | ||
| ISBN: | 978-7-209-13640-2 | |
| 000 | 01029nam0 2200229 450 | |
| 001 | 011025153151 | |
| 005 | 20221025153151.0 | |
| 010 | @a978-7-209-13640-2@dCNY58.00 | |
| 100 | @a20201004d2022 em y0chiy0120 ea | |
| 101 | 0 | @achi |
| 102 | @aCN@b370000 | |
| 105 | @ay z 000ay | |
| 106 | @ar | |
| 200 | 1 | @a老书记@Alao shu ji@f宋利华, 晓晓著 |
| 210 | @a济南@c山东人民出版社@d2022.01 | |
| 215 | @a323页@d24cm | |
| 330 | @aa作品以淄博市淄川区罗村镇一段时期农业、工副业发展历程为叙事原型,拉开宏阔历史背景,讲述上世纪七八十年代,地处鲁中腹地的一个乡镇,在以镇党委书记何清泉为首的镇、村两级班子领导下,整地改土,打造良田,治理河道,兴修水利,发展小工业等一系列战天斗地的感人事迹,展示人们在艰苦岁月里自力更生、艰苦奋斗的精神面貌。符合主旋律,颂扬新时代劳动楷模的生活工作经历。用历史写实的手法对老一代共产党员的精神面貌进行讴歌。 | |
| 606 | 0 | @a长篇小说@Achang pian xiao shuo@y中国@z当代 |
| 690 | @aI247.57@v5 | |
| 701 | 0 | @a宋利华@Asong li hua@4著 |
| 701 | 0 | @a晓晓@Axiao xiao@4著 |
| 905 | @a河南城建学院图书馆@dI247.57@eS771 | |
| 老书记/宋利华, 晓晓著.-济南:山东人民出版社,2022.01 |
| 323页;24cm |
| ISBN 978-7-209-13640-2:CNY58.00 |
| a作品以淄博市淄川区罗村镇一段时期农业、工副业发展历程为叙事原型,拉开宏阔历史背景,讲述上世纪七八十年代,地处鲁中腹地的一个乡镇,在以镇党委书记何清泉为首的镇、村两级班子领导下,整地改土,打造良田,治理河道,兴修水利,发展小工业等一系列战天斗地的感人事迹,展示人们在艰苦岁月里自力更生、艰苦奋斗的精神面貌。符合主旋律,颂扬新时代劳动楷模的生活工作经历。用历史写实的手法对老一代共产党员的精神面貌进行讴歌。 |
| ● |
| 相关链接 |
|
|
|
正题名:老书记
索取号:I247.57/S771
 
预约/预借
| 序号 | 登录号 | 条形码 | 馆藏地/架位号 | 状态 | 备注 |
| 1 | 1587118 | 215871180 | 文学库108/108文学库 51排9列2层/ [索取号:I247.57/S771] | 在馆 | |
| 2 | 1587119 | 215871199 | 文学库108/108文学库 51排9列2层/ [索取号:I247.57/S771] | 在馆 |